00684nam a2200241 a 4500001001300000003000900013005001700022008004100039020001000080082001500090100002400105245003100129260003300160300000900193500003500202505001000237650001100247700002400258902000800282942000700290952012800297999001700425nice12345678IN_TiNIC20260116013454.0050524s1984 cala grp 000 0 eng  ac40000a291.4bDEB aDeb, Achintya Kumar aBhakti Movement in Orissa. aCalcuttabKalyani Devic1984 a278p aincludes index and biblioraphy2 aIndex aBhakti1 aDeb, Achintya Kumar bSRS cBK 001040708StackRoom-aHMIbHMId2007-07-19g400.00l6o291.4 DEBp018027r2019-09-13s2019-09-04v400.00w2005-05-24yBK c11113d11113